000 00503nam a2200193 a 4500
001 17369
003 CO-ViMGA
008 141112s2004 ck r 000 u spa d
020 _a8448020138
040 _aCO-ViMGA
_bspa
_cCO-ViMGA
082 0 4 _aTHra
100 1 _aThraves, Stephen
_924688
245 1 0 _aAsesinato en la noche
260 _aBarcelona (EspaƱa),
_cTimun Mas,
_c1995
300 _a126.p.
650 1 4 _aCUENTOS DE TERROR
_91077
650 1 4 _aCUENTOS ESTADOUNIDENSES
_92727
942 _2ddc
_cBK
999 _c26920
_d26920